[Event "Cordeiropolis Levy Cup 3rd"]
[Site "Cordeiropolis"]
[Date "2017.06.02"]
[Round "2"]
[White "Matsuura, Everaldo"]
[Black "Shigueo Ueti, Silvio"]
[Result "1-0"]
[WhiteElo "2462"]
[BlackElo "2096"]
[PlyCount "41"]
[EventDate "2017.06.02"]
[EventType "swiss"]
[EventRounds "6"]
[EventCountry "BRA"]
[SourceTitle "CBM 178 Extra"]
[Source "ChessBase"]
[SourceDate "2017.06.22"]
[SourceVersion "1"]
[SourceVersionDate "2017.06.22"]
[SourceQuality "1"]

1. e4 c5 2. Nf3 e6 3. d4 cxd4 4. Nxd4 a6 5. Bd3 Bc5 6. Nb3 Be7 7. Nc3 d6 8. Be3 Nf6 9. f4 Qc7 10. Qf3 b5 11. g4 Nc6 12. 0-0-0 Bb7 13. g5 Nd7 14. Kb1 Nc5 15. Qh3 b4 16. Ne2 g6 17. Rhf1 a5 18. Nxc5 dxc5 19. f5 e5 20. fxg6 fxg6 21. Qe6 1-0

[Event "Santos op"]
[Site "Santos"]
[Date "2009.06.27"]
[Round "4"]
[White "Martinez, Janine"]
[Black "Shigueo Ueti, Silvio"]
[Result "0-1"]
[WhiteElo "1952"]
[BlackElo "2228"]
[PlyCount "74"]
[EventDate "2009.06.26"]
[EventType "swiss"]
[EventRounds "6"]
[EventCountry "BRA"]
[SourceTitle "EXT 2012"]
[Source "ChessBase"]
[SourceDate "2011.11.24"]
[SourceVersion "1"]
[SourceVersionDate "2011.11.24"]
[SourceQuality "1"]

1. d4 Nf6 2. Nf3 g6 3. Bg5 Bg7 4. e3 0-0 5. Be2 d6 6. 0-0 Qe8 7. c4 h6 8. Bh4 g5 9. Bg3 Ne4 10. Nbd2 Nxg3 11. hxg3 c5 12. Nb3 b6 13. Qc2 Nc6 14. d5 Nb4 15. Qd2 a5 16. a3 Na6 17. Ne1 Bd7 18. f4 a4 19. Nc1 b5 20. cxb5 Bxb5 21. Na2 Bxe2 22. Qxe2 Nc7 23. Rd1 Rb8 24. Rd2 Rb3 25. fxg5 hxg5 26. Qg4 Rxe3 27. Qxg5 Re5 28. Qg4 Nxd5 29. Qh4 Ne3 30. Rf4 Nf5 31. Qh3 Rxe1+ 32. Kf2 Ra1 33. Qxf5 Qb5 34. Re2 e6 35. Qh5 Rxa2 36. Rh4 Qd3 37. Rg4 Qf5+ 0-1

[Event "Santos op"]
[Site "Santos"]
[Date "2009.06.26"]
[Round "1"]
[White "Shigueo Ueti, Silvio"]
[Black "Salles, Sergio"]
[Result "1-0"]
[WhiteElo "2228"]
[BlackElo "1750"]
[PlyCount "39"]
[EventDate "2009.06.26"]
[EventType "swiss"]
[EventRounds "6"]
[EventCountry "BRA"]
[SourceTitle "EXT 2012"]
[Source "ChessBase"]
[SourceDate "2011.11.24"]
[SourceVersion "1"]
[SourceVersionDate "2011.11.24"]
[SourceQuality "1"]

1. e4 e5 2. f4 d5 3. exd5 e4 4. d3 Nf6 5. dxe4 Nxe4 6. Nf3 Bc5 7. Qe2 0-0 8. Qxe4 Re8 9. Ne5 f6 10. Nc3 Bg4 11. Bb5 Nd7 12. Bxd7 Bxd7 13. Be3 fxe5 14. fxe5 Bxe3 15. Qxe3 Qh4+ 16. Kd2 Rad8 17. Rae1 c6 18. d6 Bg4 19. Qf4 Rxd6+ 20. exd6 1-0